| 000 | 00592nam a2200181Ia 4500 | ||
|---|---|---|---|
| 003 | LDD | ||
| 008 | 190327s9999 xx 000 0 und d | ||
| 020 |
_a9789381951293 _c240 |
||
| 040 | _cLDD | ||
| 082 | _a8S1.09 त्रि5201छ | ||
| 100 | _aत्रिपाठी, राकेशमणि | ||
| 245 | 0 | _aछन्दोअ्लङ्कार विवेचन | |
| 260 |
_aजयपुर _bलिट्रररेरी सर्किल _c2012 |
||
| 300 | _a120 | ||
| 500 | _aGifted by : सोहनराज तातेड़ | ||
| 942 |
_2ddc _cBK |
||
| 949 | _aG014325 | ||
| 999 |
_c192992 _d192992 |
||